Celtic Current Squad - Statistics

General Stats
  • This quiz has been taken 554 times
    314 since last reset
  • The average score is 15 of 34
Answer Stats
# Player % Correct
1 Joe Hart
91%
38 Daizen Maeda
80%
42 Callum McGregor
78%
20 Cameron Carter-Vickers
78%
3 Greg Taylor
76%
41 Reo Hatate
75%
2 Alistair Johnston
73%
8 Kyogo Furuhashi
73%
Manager Brendan Rodgers
63%
49 James Forrest
63%
5 Liam Scales
63%
56 Anthony Ralston
62%
33 Matt O’Riley
57%
11 Liel Abada
56%
57 Stephen Welsh
48%
4 Carl Starfelt
47%
29 Scott Bain
47%
19 Hyeon-gyu Oh
45%
14 David Turnbull
44%
24 Tomoki Iwata
37%
25 Alexandro Bernabei
34%
31 Benjamin Siegrist
31%
15 Odin Thiago Holm
27%
9 Sead Hakšabanović
27%
18 Yuki Kobayashi
26%
16 James McCarthy
23%
21 Yosuke Ideguchi
17%
10 Albian Ajeti
16%
54 Adam Montgomery
14%
23 Marco Tilio
13%
65 Conor Hazard
11%
12 Ismaila Soro
10%
30 Liam Shaw
10%
26 Osaze Urhoghide
7%
No matching quizzes found
Score Distribution
Percent of People with Each Score
Percentile by Number Answered
Your Score History
You have not taken this quiz since the last reset